Click Cities - Ą̶̬͋͛͋́ͅB̸̡̤̭̀S̴̥̞͒̃́U̶̼͒̾̇̈́R̷̯͐D̴͖̉̋̈͐ - Statistics

General Stats
  • This quiz has been taken 4 times
  • The average score is 2 of 50
Answer Stats
Hint Answer % Correct
Fort Peck Montana
50%
Attu Station Alaska
25%
Long Neck Delaware
25%
Donalsonville Georgia
25%
English Indiana
25%
Washington Grove Maryland
25%
Montevideo Minnesota
25%
Marbury Alabama
0%
Leupp Arizona
0%
Eureka Springs Arkansas
0%
Airport Calfornia
0%
Carbonate Colorado
0%
Barkhamsted Connecticut
0%
Day Florida
0%
Pahala Hawaii
0%
Bovill Idaho
0%
Ohio Illinois
0%
Lu Verne Iowa
0%
Ness City Kansas
0%
South Park View Kentucky
0%
Bunkie Louisiana
0%
Lubec Maine
0%
Tyringham Massachusetts
0%
Free Soil Michigan
0%
Lake Mississippi
0%
Meta Missouri
0%
Oak Nebraska
0%
Valmy Nevada
0%
Rumney New Hampshire
0%
Medford Lakes New Jersey
0%
Lake Sumner New Mexico
0%
Rapids New York
0%
Northwest North Carolina
0%
Cando North Dakota
0%
North Robinson Ohio
0%
Shady Grove Oklahoma
0%
John Day Oregon
0%
S.N.P.J Pennsylvania
0%
Foster Center Rhode Island
0%
North South Carolina
0%
Onida South Dakota
0%
Lake Tansi Tennessee
0%
Moralez-Sanchez Texas
0%
Peter Utah
0%
Westmore Vermont
0%
Matoaca Virginia
0%
Dynamite Washington
0%
Jane Lew West Virginia
0%
Caroline Wisconsin
0%
Ranchettes Wyoming
0%
No matching quizzes found
Score Distribution
Percent of People with Each Score
Percentile by Number Answered
Your Score History
You have not taken this quiz